000
00338nam a2200145Ia 4500
008
230718s9999 xx 000 0 und d
041
_a
Eng.
082
_a
843.7
_b
ASH-Z
100
_a
Ashraf A.B Dr.
245
0
_a
Zooq a Dasht Nowardi
260
_a
Pakistan
_b
Jamhori Publications
_c
2016
300
_a
225
650
_a
Law
999
_c
31541
_d
31541